Logo CIB grande

GUIA DE INCUBACION ARTIFICAL (Registro nro. 215693)

Detalles MARC
000 -LEADER
campo de control de longitud fija 00487nam a2200205Ia 4500
005 - FECHA Y HORA DE LA ÚLTIMA TRANSACCIÓN
campo de control 20250425161750.0
008 - DATOS DE LONGITUD FIJA--INFORMACIÓN GENERAL
campo de control de longitud fija 250425s9999 xx 000 0 und d
041 ## - CÓDIGO DE IDIOMA
Código de lengua del texto/banda sonora o título independiente spa
082 ## - NÚMERO DE LA CLASIFICACIÓN DECIMAL DEWEY
Número de clasificación 636.5082
010 ## - NÚMERO DE CONTROL DE LA BIBLIOTECA DEL CONGRESO
Número de control de LC 28225
100 ## - ENTRADA PRINCIPAL--NOMBRE DE PERSONA
Nombre de persona GAMBOA CALDERON, CAROLINA
245 #0 - MENCIÓN DEL TÍTULO
Título GUIA DE INCUBACION ARTIFICAL
250 ## - MENCION DE EDICION
Mención de edición 1A ED.
260 ## - PUBLICACIÓN, DISTRIBUCIÓN, ETC.
Lugar de publicación, distribución, etc. Ecuador
Nombre del editor, distribuidor, etc. MONSERRAT
Fecha de publicación, distribución, etc. 1950
260 ## - PUBLICACIÓN, DISTRIBUCIÓN, ETC.
Lugar de publicación, distribución, etc. QUITO
300 ## - DESCRIPCIÓN FÍSICA
Extensión 66
650 ## - PUNTO DE ACCESO ADICIONAL DE MATERIA--TÉRMINO DE MATERIA
Término de materia o nombre geográfico como elemento de entrada AGRICULTURA
650 ## - PUNTO DE ACCESO ADICIONAL DE MATERIA--TÉRMINO DE MATERIA
Término de materia o nombre geográfico como elemento de entrada AVES DE CORRAL-INCUBACION
942 ## - ELEMENTOS DE ENTRADA SECUNDARIOS (KOHA)
Tipo de ítem Koha Libros
Existencias
Estatus retirado Estado de pérdida Estado de daño No para préstamo Biblioteca de origen Biblioteca actual Ubicación en estantería Fecha de adquisición Coste, precio normal de compra Total de préstamos Código de barras Copia número Tipo de ítem Koha
        CENTRO DE INFORMACIÓN BIBLIOTECARIA CENTRO DE INFORMACIÓN BIBLIOTECARIA   04/11/2003 3.00   34610 1 Libros

Copyright 2025 ESPOL. Todos los derechos reservados.